000 00611pam a2200241 4500
001 3133008
003 OSt
005 20180116183009.0
008 721107s1972 nyu 000 1 eng
010 _a 72011666
020 _a0394485246
040 _aDLC
_cDLC
_dDLC
050 0 0 _aPZ4.S4618
_bBe3
_aPR9440.9.S4
082 0 0 _a823/.9/14 SEL 1974
100 1 _aSela, Owen.
245 1 4 _aThe bearer plot.
250 _a[1st ed.]
260 _aNew York,
_bPantheon Books
_c[1972]
300 _a220 p.
_c22 cm.
350 _a$5.95
906 _a7
_bcbc
_corignew
_d1
_eocip
_f19
_gy-gencatlg
942 _2ddc
_cBK
999 _c350209
_d350209